[Event "XIII American Continental"]
[Site "Montevideo URU"]
[Date "2018.06.02"]
[Round "2"]
[White "Perez Ponsa, Federico"]
[Black "Kimelman Bercovici, Gabriel"]
[Result "1-0"]
[WhiteElo "2556"]
[BlackElo "2279"]
[EventDate "2018.06.01"]
[PlyCount "65"]

1.e4 e6 2.d4 d5 3.Nd2 Nf6 4.e5 Nfd7 5.Bd3 c5 6.c3 Nc6 7.Ne2 cxd4 8.cxd4 f6
9.exf6 Nxf6 10.Nf3 Bd6 11.O-O O-O 12.Bf4 Bxf4 13.Nxf4 Ne4 14.Ne2 Ng5 15.
Ne5 Nxe5 16.dxe5 Qb6 17.Qb3 Qxb3 18.axb3 Nf7 19.f4 Bd7 20.Nd4 a6 21.g3 Nd8
22.Kf2 Nc6 23.Ke3 Rac8 24.h4 Nxd4 25.Kxd4 Rc6 26.Rfc1 Rfc8 27.Rc3 Rb6 28.
Rxc8+ Bxc8 29.Rc1 Rb4+ 30.Kc5 Rxb3 31.Kd6 Rxd3 32.Rxc8+ Kf7 33.f5 1-0

[Event "XIII American Continental"]
[Site "Montevideo URU"]
[Date "2018.06.02"]
[Round "2"]
[White "Cimer, Emanuel"]
[Black "Moradiabadi, Elshan"]
[Result "0-1"]
[WhiteElo "2262"]
[BlackElo "2549"]
[EventDate "2018.06.01"]
[PlyCount "68"]

1.e4 e6 2.Nf3 d5 3.Nc3 Nf6 4.e5 Nfd7 5.d4 c5 6.dxc5 Nc6 7.Bf4 Nxc5 8.Bd3 
Be7 9.O-O Nxd3 10.Qxd3 Bd7 11.Rfe1 g5 12.Bg3 h5 13.h3 Qb6 14.Ne2 O-O-O 15.
Nfd4 Rdg8 16.Nxc6 Bxc6 17.Nd4 h4 18.Bh2 g4 19.hxg4 Rxg4 20.Nxc6 Qxc6 21.
Re2 Rhg8 22.f3 Qb6+ 23.Kh1 Qxb2 24.Rd1 Rc4 25.Qh7 Rf8 26.Bg1 Qxa2 27.Be3 
h3 28.g3 Qa3 29.Qxh3 Bc5 30.Qh6 Bxe3 31.Rxe3 Qe7 32.Rd2 Kb8 33.f4 Rcc8 34.
Rh2 Qb4 0-1

[Event "XIII American Continental"]
[Site "Montevideo URU"]
[Date "2018.06.02"]
[Round "2"]
[White "Mekhitarian, Krikor Sevag"]
[Black "Larrea, Manuel"]
[Result "1-0"]
[WhiteElo "2546"]
[BlackElo "2268"]
[EventDate "2018.06.01"]
[PlyCount "133"]

1.d4 Nf6 2.c4 g6 3.Nc3 Bg7 4.e4 d6 5.Nf3 O-O 6.Be2 e5 7.O-O exd4 8.Nxd4 
Re8 9.f3 c6 10.Kh1 Nh5 11.Be3 Qh4 12.Qe1 Qxe1 13.Rfxe1 f5 14.Bf2 f4 15.
Red1 Be5 16.Nb3 Na6 17.c5 Nxc5 18.Nxc5 dxc5 19.Bxc5 Be6 20.Rac1 Red8 21.
Kg1 Kf7 22.Kf1 b6 23.Bf2 Ke7 24.b3 g5 25.Ba6 Rxd1+ 26.Nxd1 Rd8 27.Ke2 Rd6 
28.Bc4 Ng7 29.Nc3 Bxc4+ 30.bxc4 Ne6 31.c5 bxc5 32.Na4 Bd4 33.Bxd4 cxd4 34.
Kd3 Kf6 35.Nc5 h6 36.Nxe6 Kxe6 37.Rc5 Kd7 38.a4 Ke6 39.g3 fxg3 40.hxg3 Kd7
41.f4 gxf4 42.gxf4 Rf6 43.f5 h5 44.Kxd4 h4 45.Rc3 Rh6 46.Rh3 Kd6 47.e5+ 
Ke7 48.Ke4 Rh5 49.Kf4 c5 50.Rb3 h3 51.Rb7+ Kf8 52.f6 h2 53.e6 Rh4+ 54.Ke5 
Rh5+ 55.Kd6 Rd5+ 56.Kc7 Kg8 57.Rb8+ Kh7 58.e7 Re5 59.Rb1 Kg6 60.Kd7 Kf7 
61.Rh1 Rd5+ 62.Kc7 Re5 63.Rxh2 Kxf6 64.Kd8 Rd5+ 65.Ke8 Kg7 66.Rg2+ Kh7 67.
Kf7 1-0

[Event "XIII American Continental"]
[Site "Montevideo URU"]
[Date "2018.06.02"]
[Round "2"]
[White "Kapitanchuk, Tomas"]
[Black "Martinez Alcantara, Jose Eduardo"]
[Result "0-1"]
[WhiteElo "2253"]
[BlackElo "2539"]
[EventDate "2018.06.01"]
[PlyCount "80"]

1.e4 c5 2.Nf3 d6 3.Bb5+ Nd7 4.O-O a6 5.Bd3 Ngf6 6.Re1 e6 7.c3 b5 8.Bc2 c4 
9.a4 Bb7 10.axb5 axb5 11.Rxa8 Qxa8 12.Na3 Be7 13.Nxb5 O-O 14.Qe2 Rc8 15.
Nfd4 Ne5 16.f3 Ba6 17.b4 Qb8 18.Na3 Qc7 19.Kh1 Nfd7 20.b5 Bb7 21.f4 Ng6 
22.Rf1 e5 23.Nc6 Bxc6 24.bxc6 Qxc6 25.g3 Nf6 26.f5 Nf8 27.Qf3 Qa6 28.Nb1 
Rb8 29.h3 Qa2 30.Na3 d5 31.Bb1 Qa1 32.exd5 Bxa3 33.Bxa3 Rxb1 34.Rxb1 Qxb1+
35.Kh2 Qa2 36.Bd6 Qxd2+ 37.Kg1 Qxd5 38.Qxd5 Nxd5 39.Bxe5 Nd7 40.Bd4 Nb8 
0-1

[Event "XIII American Continental"]
[Site "Montevideo URU"]
[Date "2018.06.02"]
[Round "2"]
[White "El Debs, Felipe De Cresce"]
[Black "Pacheco, Daniel"]
[Result "0-1"]
[WhiteElo "2537"]
[BlackElo "2256"]
[EventDate "2018.06.01"]
[PlyCount "88"]

1.d4 d5 2.c4 Nc6 3.Nc3 Nf6 4.cxd5 Nxd5 5.e4 Nxc3 6.bxc3 e5 7.d5 Nb8 8.Qh5 
Bd6 9.Bb5+ c6 10.Bc4 Qa5 11.Ne2 Qa4 12.Bd3 cxd5 13.exd5 Nd7 14.O-O Nc5 15.
Qg5 Nxd3 16.Qxg7 Rf8 17.Bh6 Qh4 18.Ng3 f6 19.Qxh7 Nc5 20.Qg6+ Rf7 21.Nh5 
Ke7 22.Nxf6 Bf5 23.Qh5 Qxh5 24.Nxh5 Rh8 25.Bg5+ Kd7 26.Ng3 Bd3 27.Rfd1 
Rfh7 28.h3 b6 29.Be3 Bg6 30.Re1 Na4 31.Bd2 Rh4 32.Bg5 Rc4 33.Bf6 Re8 34.h4
Nxc3 35.h5 Bh7 36.Rac1 Ba3 37.Rxc3 Rxc3 38.Bxe5 Rc1 39.Rxc1 Bxc1 40.f4 Rf8
41.Ne2 Be3+ 42.Kh2 Bd3 43.h6 Bxe2 44.Bg7 Rxf4 0-1

[Event "XIII American Continental"]
[Site "Montevideo URU"]
[Date "2018.06.02"]
[Round "2"]
[White "Betaneli, Alexander"]
[Black "Di Berardino, Diego Rafael"]
[Result "0-1"]
[WhiteElo "2246"]
[BlackElo "2525"]
[EventDate "2018.06.01"]
[PlyCount "152"]

1.Nf3 Nf6 2.d4 g6 3.e3 Bg7 4.b3 c5 5.Bb2 O-O 6.dxc5 Qa5+ 7.Nbd2 Qxc5 8.c4 
b6 9.Be2 Bb7 10.O-O Qc7 11.Rc1 Nc6 12.Nd4 Rac8 13.Nxc6 Bxc6 14.Qc2 Qb7 15.
Bf3 Bxf3 16.Nxf3 d5 17.Qb1 dxc4 18.bxc4 Qe4 19.Qxe4 Nxe4 20.Bxg7 Kxg7 21.
Rfd1 Rc7 22.Nd4 Rfc8 23.Nb5 Rxc4 24.Rxc4 Rxc4 25.Nxa7 Nd6 26.a4 Rxa4 27.
Nc6 Kf8 28.g3 Rc4 29.Ne5 Rc7 30.Rb1 b5 31.Nf3 Rc5 32.Nd4 e5 33.Nb3 Rc2 34.
f4 f6 35.fxe5 fxe5 36.Rd1 Ke7 37.Rd5 Ke6 38.e4 Nxe4 39.Rxb5 Ng5 40.h4 Nf3+
41.Kf1 e4 42.Rc5 Rb2 43.Nc1 Nd4 44.Rc3 Kf5 45.Rc5+ Kg4 46.Rc4 Rd2 47.Ke1 
Nf3+ 48.Kf1 Kxg3 49.Ne2+ Kxh4 50.Rxe4+ Kg5 51.Kf2 Nh4 52.Re7 h5 53.Ke1 Rb2
54.Re4 Nf5 55.Nf4 Ra2 56.Nd3 Ng3 57.Rb4 Re2+ 58.Kd1 Re8 59.Nf2 Re6 60.Nh3+
Kh6 61.Rb5 Ne4 62.Ra5 h4 63.Ra8 g5 64.Ke2 Kh5 65.Kf1 Kg4 66.Kg2 Rb6 67.Ra2
Rb3 68.Ng1 Rd3 69.Ra4 Rd2+ 70.Kh1 Kg3 71.Ra3+ Kf4 72.Nh3+ Kg4 73.Nxg5 Nxg5
74.Ra1 Nf3 75.Ra4+ Kh3 76.Rxh4+ Nxh4 0-1

[Event "XIII American Continental"]
[Site "Montevideo URU"]
[Date "2018.06.02"]
[Round "2"]
[White "Alonso, Salvador"]
[Black "Jodorcovsky Werjivker, Paulo"]
[Result "1-0"]
[WhiteElo "2519"]
[BlackElo "2249"]
[EventDate "2018.06.01"]
[PlyCount "81"]

1.e4 c5 2.Nf3 e6 3.d4 cxd4 4.Nxd4 a6 5.Bd3 Bc5 6.Nb3 Be7 7.Qg4 g6 8.Qe2 d6
9.O-O Nd7 10.Nc3 Qc7 11.Bd2 b6 12.Rae1 Bb7 13.f4 Ngf6 14.e5 Nd5 15.Ne4 
dxe5 16.fxe5 Nb4 17.Nd6+ Bxd6 18.exd6 Qxd6 19.Bxb4 Qxb4 20.Rxf7 Qxe1+ 21.
Qxe1 Kxf7 22.Qf2+ Ke7 23.Qh4+ Kf7 24.Qf4+ Ke7 25.Qb4+ Kf7 26.Qd6 Rad8 27.
Bc4 Rhe8 28.Qc7 b5 29.Nc5 bxc4 30.Nxb7 Ke7 31.Qd6+ Kf6 32.Qf4+ Ke7 33.Qd6+
Kf6 34.Nxd8 Rxd8 35.b4 cxb3 36.axb3 Kf7 37.c4 e5 38.c5 Ke8 39.Qe6+ Kf8 40.
c6 Nc5 41.Qf6+ 1-0

[Event "XIII American Continental"]
[Site "Montevideo URU"]
[Date "2018.06.02"]
[Round "2"]
[White "Carbone, Diego"]
[Black "Henriquez Villagra, Cristobal"]
[Result "0-1"]
[WhiteElo "2242"]
[BlackElo "2518"]
[EventDate "2018.06.01"]
[PlyCount "72"]

1.d4 d5 2.c4 c6 3.Nf3 Nf6 4.Nc3 e6 5.e3 Nbd7 6.Qc2 Bd6 7.g4 Bb4 8.Bd2 Qe7 
9.Rg1 Bxc3 10.Bxc3 Ne4 11.Bd3 Nxc3 12.Qxc3 b6 13.O-O-O Bb7 14.g5 h6 15.h4 
hxg5 16.Rxg5 Qf6 17.Rg3 dxc4 18.Be4 b5 19.Ne5 Qxh4 20.Nxf7 Kxf7 21.d5 Nf6 
22.Bg6+ Kg8 23.Qe5 Rh6 24.Qxe6+ Kh8 25.dxc6 Bxc6 26.Qxc6 Rg8 27.Qc7 Ng4 
28.Bf7 Rf8 29.Rdg1 Qf6 30.Bd5 Nxf2 31.Qxg7+ Qxg7 32.Rxg7 Nd3+ 33.Kb1 Rh2 
34.R7g2 Rxg2 35.Rxg2 Rf1+ 36.Kc2 Nb4+ 0-1

[Event "XIII American Continental"]
[Site "Montevideo URU"]
[Date "2018.06.02"]
[Round "2"]
[White "Vera Siguenas, Deivy"]
[Black "Vergara Jofre, Felipe"]
[Result "1-0"]
[WhiteElo "2516"]
[BlackElo "2245"]
[EventDate "2018.06.01"]
[PlyCount "73"]

1.e4 c5 2.Nf3 d6 3.c3 Nf6 4.h3 Nc6 5.Bd3 d5 6.e5 Nd7 7.Bb5 e6 8.O-O Be7 9.
d4 Qb6 10.Ba4 O-O 11.Re1 f6 12.exf6 Nxf6 13.Bc2 Bd7 14.a3 Rac8 15.b3 cxd4 
16.cxd4 Bd6 17.Bb2 Na5 18.Nbd2 Rc7 19.Rc1 Bf4 20.Bd3 Rxc1 21.Bxc1 Nc6 22.
b4 e5 23.dxe5 Nxe5 24.Rxe5 Bxe5 25.Nxe5 Bb5 26.Ndf3 Bxd3 27.Qxd3 a5 28.Be3
Qc7 29.Qf5 Qc8 30.Qd3 axb4 31.axb4 Rd8 32.Ng5 d4 33.Bd2 Rd5 34.f4 h6 35.
Ngf7 Qa8 36.Nxh6+ gxh6 37.Qg6+ 1-0

[Event "XIII American Continental"]
[Site "Montevideo URU"]
[Date "2018.06.02"]
[Round "2"]
[White "Gauche, Charles"]
[Black "Morovic Fernandez, Ivan"]
[Result "0-1"]
[WhiteElo "2235"]
[BlackElo "2513"]
[EventDate "2018.06.01"]
[PlyCount "76"]

1.d4 Nf6 2.c4 e6 3.Nf3 d5 4.Nc3 c6 5.e3 Nbd7 6.Qc2 Be7 7.b3 O-O 8.Be2 b6 
9.O-O Bb7 10.Bb2 Qc7 11.Rac1 Rac8 12.Qb1 Qb8 13.Rfd1 Rfd8 14.Qa1 Nf8 15.a4
c5 16.a5 dxc4 17.axb6 axb6 18.dxc5 Rxc5 19.bxc4 Rxd1+ 20.Nxd1 Ra5 21.Qb1 
Be4 22.Bd3 Bxf3 23.gxf3 Rg5+ 24.Kf1 Qxh2 25.Bxf6 Bxf6 26.Qxb6 g6 27.c5 
Rg1+ 28.Ke2 Bh4 29.Rc4 Bxf2 30.Nxf2 Rg2 31.Kd2 Rxf2+ 32.Kc3 Qe5+ 33.Rd4 
Qxe3 34.Qb1 e5 35.Rc4 Rxf3 36.c6 Ne6 37.c7 Nxc7 38.Rxc7 Qd4+ 0-1

[Event "XIII American Continental"]
[Site "Montevideo URU"]
[Date "2018.06.02"]
[Round "2"]
[White "Hungaski, Robert"]
[Black "Benoit, Rodrigo"]
[Result "1-0"]
[WhiteElo "2510"]
[BlackElo "2238"]
[EventDate "2018.06.01"]
[PlyCount "51"]

1.e4 e6 2.d4 d5 3.Nc3 Nf6 4.e5 Nfd7 5.f4 c5 6.Nf3 Nc6 7.Be3 Be7 8.Qd2 a6 
9.Be2 O-O 10.O-O b5 11.Nd1 cxd4 12.Nxd4 Nxd4 13.Bxd4 Nc5 14.Qe3 Qc7 15.Nf2
Bd7 16.c3 Rac8 17.Rac1 Qb8 18.Bf3 Nb7 19.Nd3 a5 20.a3 a4 21.Nb4 h6 22.Rce1
Na5 23.f5 Nc4 24.Qf2 exf5 25.Nxd5 Bd8 26.Ba7 1-0

[Event "XIII American Continental"]
[Site "Montevideo URU"]
[Date "2018.06.02"]
[Round "2"]
[White "Coppola, Claudio"]
[Black "Terry Lujan, Renato Alfredo"]
[Result "0-1"]
[WhiteElo "2228"]
[BlackElo "2503"]
[EventDate "2018.06.01"]
[PlyCount "70"]

1.b3 d5 2.Bb2 Bg4 3.Nf3 Nd7 4.d3 Bxf3 5.exf3 e5 6.g3 Ngf6 7.Bg2 Bb4+ 8.Nd2
c6 9.a3 Bd6 10.O-O O-O 11.c4 a5 12.cxd5 cxd5 13.d4 Qb6 14.dxe5 Bxe5 15.
Bxe5 Nxe5 16.f4 Nc6 17.Nf3 Rad8 18.Qc2 Rfe8 19.Rfe1 h6 20.Rxe8+ Rxe8 21.
Rd1 Re7 22.Qb2 Qc5 23.Nh4 Re6 24.Rc1 Re2 25.Rxc5 Rxb2 26.Rb5 Nd4 27.Rxa5 
g5 28.fxg5 hxg5 29.Nf5 Rb1+ 30.Bf1 Nxf5 31.Rb5 Nd4 32.Rxb7 Nf3+ 33.Kg2 g4 
34.a4 Ne4 35.h3 Rb2 0-1

[Event "XIII American Continental"]
[Site "Montevideo URU"]
[Date "2018.06.02"]
[Round "2"]
[White "Rodriguez Vila, Andres"]
[Black "Teixeira, Ricardo da Silva"]
[Result "1-0"]
[WhiteElo "2483"]
[BlackElo "2235"]
[EventDate "2018.06.01"]
[PlyCount "163"]

1.d4 e6 2.e4 d5 3.e5 c5 4.c3 Nc6 5.Nf3 Nge7 6.Bd3 cxd4 7.cxd4 Nf5 8.Bxf5 
exf5 9.O-O Be6 10.Qb3 Qd7 11.Nc3 Be7 12.Ne2 O-O 13.Bg5 Rac8 14.Bxe7 Nxe7 
15.Nf4 Rc4 16.Qe3 Rfc8 17.h4 h6 18.Rab1 Kh7 19.g3 Ng8 20.Kg2 g6 21.Rh1 Kg7
22.Nd3 Qe7 23.a3 b6 24.Ng1 Qd7 25.Ne2 Ne7 26.Rhd1 Qb5 27.Nc3 Qd7 28.Rbc1 
Nc6 29.Nf4 Ne7 30.Rc2 a6 31.Kh2 a5 32.Rcc1 Ng8 33.b3 R4c7 34.a4 Ne7 35.Nb5
Rxc1 36.Rxc1 Rxc1 37.Qxc1 Nc6 38.Nd3 Qb7 39.Kg2 Qd7 40.Kf3 Qb7 41.Ke3 Qd7 
42.Qa3 g5 43.hxg5 hxg5 44.f4 g4 45.Qd6 Qxd6 46.exd6 Nd8 47.b4 Nb7 48.bxa5 
bxa5 49.Nc5 Nd8 50.Nc7 Kf8 51.Kd3 Kg8 52.Kd2 Kg7 53.Kd3 Kf8 54.Kc3 Kg7 55.
Nb3 Nb7 56.Nxe6+ fxe6 57.d7 Kf7 58.Nxa5 Nd8 59.Kb4 Ke7 60.Kc5 Kxd7 61.Kb6 
Nf7 62.Nb7 e5 63.dxe5 Nxe5 64.a5 Nc6 65.a6 d4 66.Nc5+ Kd6 67.Nd3 Kd5 68.
Nb4+ Nxb4 69.a7 d3 70.a8=Q+ Kc4 71.Qc8+ Kb3 72.Qxf5 d2 73.Qb1+ Kc3 74.f5 
Nd5+ 75.Kc5 Nf6 76.Kd6 Kd4 77.Ke6 Ne4 78.f6 Ke3 79.f7 Ng5+ 80.Ke7 Nxf7 81.
Kxf7 Ke2 82.Qe4+ 1-0

[Event "XIII American Continental"]
[Site "Montevideo URU"]
[Date "2018.06.02"]
[Round "2"]
[White "Fernandez, Maria Florencia"]
[Black "Hoffman, Alejandro"]
[Result "0-1"]
[WhiteElo "2203"]
[BlackElo "2475"]
[EventDate "2018.06.01"]
[PlyCount "78"]

1.d4 c5 2.d5 e5 3.c4 d6 4.Nc3 Be7 5.Nf3 Nf6 6.e3 O-O 7.Be2 Ne8 8.O-O f5 9.
a3 Bf6 10.Qc2 g5 11.Nd2 Bg7 12.b4 b6 13.bxc5 bxc5 14.Rb1 Nd7 15.e4 f4 16.
Bg4 Ndf6 17.Bxc8 Qxc8 18.Qb3 Rf7 19.f3 h5 20.Qc2 g4 21.Nb3 Bf8 22.Na5 Rg7 
23.Kh1 Nh7 24.Nc6 g3 25.Ne2 gxh2 26.Nxf4 exf4 27.Bxf4 Nef6 28.e5 dxe5 29.
Bxe5 Qd7 30.Nb8 Qf7 31.Qa4 Qg6 32.Rb2 Qf5 33.Bxh2 Ng4 34.Bg1 Qf6 35.fxg4 
Qxb2 36.Nd7 Rxg4 37.Bf2 Qe2 38.Kg1 Qf3 39.g3 Re8 0-1

[Event "XIII American Continental"]
[Site "Montevideo URU"]
[Date "2018.06.02"]
[Round "2"]
[White "Cori Quispe, Kevin Joel"]
[Black "Borges, Guilherme Deola"]
[Result "1-0"]
[WhiteElo "2468"]
[BlackElo "2219"]
[EventDate "2018.06.01"]
[PlyCount "77"]

1.e4 c5 2.Nf3 e6 3.d4 cxd4 4.Nxd4 Nc6 5.Nc3 Qc7 6.Be2 a6 7.O-O Nf6 8.Be3 
Bb4 9.Nxc6 bxc6 10.f4 d5 11.e5 Bxc3 12.bxc3 Ne4 13.Bd3 O-O 14.Bxe4 dxe4 
15.Bc5 Rd8 16.Bd6 Qb6+ 17.Qd4 c5 18.Qe3 Bb7 19.Rab1 Qc6 20.f5 exf5 21.Rxf5
Rac8 22.Rg5 Rd7 23.Rf1 g6 24.h4 Rxd6 25.exd6 Qxd6 26.Qf4 Qxf4 27.Rxf4 Rd8 
28.Kf1 e3 29.Ke2 Rd2+ 30.Kxe3 Rxc2 31.Rxc5 Rxa2 32.g4 Rh2 33.g5 Kf8 34.c4 
Rh1 35.Rc7 Re1+ 36.Kd4 Re7 37.Rxe7 Kxe7 38.Kc5 Bc8 39.Kb6 1-0

[Event "XIII American Continental"]
[Site "Montevideo URU"]
[Date "2018.06.02"]
[Round "2"]
[White "Cabrera Pando, Ramiro"]
[Black "Salinas Herrera, Pablo"]
[Result "0-1"]
[WhiteElo "2196"]
[BlackElo "2463"]
[EventDate "2018.06.01"]
[PlyCount "84"]

1.d4 d5 2.c4 c6 3.cxd5 cxd5 4.Bg5 h6 5.Bh4 Nc6 6.Nc3 a6 7.e4 dxe4 8.d5 Ne5
9.Qa4+ Bd7 10.Qxe4 Ng6 11.Bg3 Nf6 12.Qc2 e5 13.dxe6 Bxe6 14.Bd3 Ne7 15.Rd1
Qa5 16.Ne2 Ned5 17.Nd4 Nxc3 18.bxc3 Qxa2 19.Nxe6 Qxe6+ 20.Kd2 O-O-O 21.Kc1
Ba3+ 22.Kb1 Qb6+ 23.Ka2 Bd6 24.Bf5+ Kc7 25.Rxd6 Rxd6 26.Rd1 Rd8 27.Rxd6 
Rxd6 28.Qd3 Qc5 29.Bxd6+ Qxd6 30.Qc4+ Kb8 31.Qxf7 Qd2+ 32.Kb3 Qxf2 33.g4 
Qb6+ 34.Kc2 Qc7 35.Qf8+ Ka7 36.Kb3 Nd5 37.c4 Qb6+ 38.Ka3 Qa5+ 39.Kb2 Qd2+ 
40.Bc2 Qd4+ 41.Kc1 Ne3 42.Qf2 Qc3 0-1

[Event "XIII American Continental"]
[Site "Montevideo URU"]
[Date "2018.06.02"]
[Round "2"]
[White "Tristan, Leonardo"]
[Black "Mesias Rojas, Rabindranath"]
[Result "1/2-1/2"]
[WhiteElo "2459"]
[BlackElo "2203"]
[EventDate "2018.06.01"]
[PlyCount "87"]

1.d4 Nf6 2.c4 c5 3.d5 e5 4.Nc3 d6 5.e4 g6 6.Bd3 Bg7 7.Nge2 Nh5 8.h3 O-O 9.
g4 Nf4 10.Nxf4 exf4 11.Bxf4 a6 12.a4 Qe7 13.Qd2 Nd7 14.Bg5 f6 15.Be3 Ne5 
16.Be2 f5 17.f4 Nf7 18.gxf5 Bxc3 19.Qxc3 Qxe4 20.Kd2 Bxf5 21.a5 Rae8 22.
Raf1 Nh6 23.Bf3 Qe7 24.h4 Qg7 25.Qxg7+ Kxg7 26.h5 Be4 27.hxg6 hxg6 28.b4 
Nf5 29.bxc5 Nxe3 30.Kxe3 Bxd5+ 31.Kd4 Bxf3 32.Rxf3 dxc5+ 33.Kxc5 Re4 34.
Rd1 Rc8+ 35.Kb6 Rcxc4 36.f5 Rb4+ 37.Ka7 gxf5 38.Rxf5 Kg6 39.Rf2 Re5 40.
Rd6+ Kg5 41.Rb6 Rbb5 42.Ra2 Rxa5 43.Rxa5 Rxa5 44.Kxb7 1/2-1/2

[Event "XIII American Continental"]
[Site "Montevideo URU"]
[Date "2018.06.02"]
[Round "2"]
[White "Carvalho, Guillermo"]
[Black "Panjwani, Raja"]
[Result "0-1"]
[WhiteElo "2195"]
[BlackElo "2456"]
[EventDate "2018.06.01"]
[PlyCount "52"]

1.c4 e5 2.Nc3 Bb4 3.Nd5 Be7 4.d3 Nf6 5.Nxe7 Qxe7 6.Nf3 O-O 7.e3 d5 8.cxd5 
Nxd5 9.Be2 c5 10.O-O Rd8 11.Qc2 Nb4 12.Qc3 Bg4 13.Rd1 N8c6 14.a3 Nxd3 15.
h3 Bxf3 16.Bxf3 e4 17.Be2 Nce5 18.Bd2 Rd6 19.Bxd3 Nxd3 20.Be1 Rad8 21.Qc2 
Qd7 22.b4 Nxb4 23.Rxd6 Nxc2 24.Rxd7 Rxd7 25.Rc1 Nxe1 26.Rxe1 Rd3 0-1

[Event "XIII American Continental"]
[Site "Montevideo URU"]
[Date "2018.06.02"]
[Round "2"]
[White "Sosa, Tomas"]
[Black "Cerda Albornoz, Guillermo"]
[Result "1-0"]
[WhiteElo "2453"]
[BlackElo "2195"]
[EventDate "2018.06.01"]
[PlyCount "95"]

1.e4 e6 2.d4 d5 3.Nd2 Nf6 4.e5 Nfd7 5.Bd3 c5 6.c3 Nc6 7.Ne2 cxd4 8.cxd4 
Nb6 9.O-O Bd7 10.f4 g6 11.Nf3 Nb4 12.Bb1 Ba4 13.b3 Bb5 14.a3 Nc6 15.Rf2 
Qd7 16.a4 Ba6 17.a5 Nc8 18.g4 Bb4 19.Bd2 Bxe2 20.Qxe2 Bxd2 21.Qxd2 a6 22.
f5 N8a7 23.Ng5 O-O-O 24.fxg6 fxg6 25.Rf7 Qe8 26.Rf6 Nb5 27.Nxe6 Nbxd4 28.
Nxd4 Qxe5 29.Rf4 Rhf8 30.Nxc6 Qxa1 31.Qc1 Rxf4 32.Bf5+ gxf5 33.Ne7+ Kd7 
34.Qxa1 Rxg4+ 35.Kh1 Ke6 36.Qc3 Re8 37.Nc8 Reg8 38.Qc5 Rg1+ 39.Qxg1 Rxg1+ 
40.Kxg1 Ke5 41.Kf2 Kd4 42.Nd6 Kc3 43.Nxb7 d4 44.Nd6 f4 45.Kf3 Kxb3 46.Kxf4
Kc2 47.Ne4 Kd3 48.Nc5+ 1-0

[Event "XIII American Continental"]
[Site "Montevideo URU"]
[Date "2018.06.02"]
[Round "2"]
[White "Januario, Severino Pereira"]
[Black "Vazquez Colman, Guillermo"]
[Result "0-1"]
[WhiteElo "2175"]
[BlackElo "2436"]
[EventDate "2018.06.01"]
[PlyCount "61"]

1.d4 Nf6 2.Bg5 Ne4 3.Bf4 d5 4.e3 c5 5.f3 Nf6 6.Nc3 a6 7.Qd2 Nc6 8.g4 e6 9.
h4 b5 10.Nh3 Bb7 11.Ne2 Nd7 12.Bg3 e5 13.Bg2 Be7 14.g5 O-O 15.f4 exd4 16.
exd4 cxd4 17.O-O Re8 18.Kh2 Nc5 19.Nf2 Na4 20.Nd3 Nc5 21.Ne5 Ne4 22.Bxe4 
dxe4 23.Nxc6 Bxc6 24.Qxd4 e3 25.Rae1 Bf8 26.c3 Qa5 27.Qd3 Qxa2 28.Qc2 Rac8
29.Nd4 Bb7 30.Re2 b4 31.Rfe1 0-1

[Event "XIII American Continental"]
[Site "Montevideo URU"]
[Date "2018.06.02"]
[Round "2"]
[White "Roselli Mailhe, Bernardo"]
[Black "Donoso Diaz, Sebastian"]
[Result "1-0"]
[WhiteElo "2433"]
[BlackElo "2184"]
[EventDate "2018.06.01"]
[PlyCount "65"]

1.d4 d5 2.c4 dxc4 3.Nf3 Nf6 4.e3 b5 5.a4 b4 6.Bxc4 e6 7.Qe2 Be7 8.O-O O-O 
9.Nbd2 Bb7 10.e4 c5 11.e5 Nd5 12.Nb3 Nd7 13.Bd3 cxd4 14.Qe4 g6 15.Bh6 Re8 
16.h4 Qb8 17.Qxd4 f6 18.exf6 Bxf6 19.Qg4 Ne5 20.Nxe5 Bxe5 21.Rae1 Qd6 22.
Bxg6 Kh8 23.Bxe8 Rxe8 24.Nc5 Ba8 25.Ne4 Qc7 26.Ng5 Nf6 27.Qh3 Kg8 28.Nxe6 
Qd6 29.f4 Qb6+ 30.Kh1 Rxe6 31.Qg3+ Ng4 32.Qxg4+ Rg6 33.Qc8+ 1-0

[Event "XIII American Continental"]
[Site "Montevideo URU"]
[Date "2018.06.02"]
[Round "2"]
[White "Carvalho, Herbert Abreu"]
[Black "Fernandez Cardoso, Alexey"]
[Result "0-1"]
[WhiteElo "2149"]
[BlackElo "2429"]
[EventDate "2018.06.01"]
[PlyCount "56"]

1.d4 Nf6 2.Nf3 g6 3.g3 Bg7 4.Bg2 O-O 5.c4 d6 6.Nc3 Nfd7 7.O-O e5 8.dxe5 
Nxe5 9.Nxe5 Bxe5 10.Bh6 Re8 11.Qd2 Nc6 12.e4 Bh8 13.Nd5 Ne5 14.Bg5 f6 15.
Bf4 Nf7 16.Be3 c6 17.Nf4 Bg7 18.Rad1 Qe7 19.Bd4 Ne5 20.b3 a6 21.Bc3 Nf7 
22.a4 Bh6 23.Qb2 f5 24.Bf6 Qf8 25.Qd4 fxe4 26.Bxe4 Ne5 27.Qxd6 Qxd6 28.
Rxd6 Nf7 0-1

[Event "XIII American Continental"]
[Site "Montevideo URU"]
[Date "2018.06.02"]
[Round "2"]
[White "Campora, Daniel Hugo"]
[Black "Madeira, Wagner Martins"]
[Result "1-0"]
[WhiteElo "2424"]
[BlackElo "2171"]
[EventDate "2018.06.01"]
[PlyCount "59"]

1.e4 c5 2.Nf3 d6 3.c3 Nf6 4.Bd3 Nc6 5.O-O g6 6.Re1 Bg7 7.h3 O-O 8.Bf1 Qc7 
9.a3 Rb8 10.b4 b5 11.d4 e5 12.d5 Ne7 13.bxc5 Qxc5 14.a4 a6 15.axb5 axb5 
16.Ba3 Qb6 17.Nxe5 Re8 18.Nf3 Nd7 19.Bb4 Nc5 20.Na3 Na6 21.Bxb5 Nxb4 22.
Bxe8 Bxc3 23.Re3 Bxa1 24.Qxa1 Ba6 25.Qf6 Rxe8 26.Ne5 Rf8 27.Ng4 h5 28.Nh6+
Kh7 29.Qxe7 Kg7 30.Nf5+ 1-0

[Event "XIII American Continental"]
[Site "Montevideo URU"]
[Date "2018.06.02"]
[Round "2"]
[White "Balzano, Ivan"]
[Black "Quintiliano Pinto, Renato Rodrigues"]
[Result "0-1"]
[WhiteElo "2142"]
[BlackElo "2423"]
[EventDate "2018.06.01"]
[PlyCount "62"]

1.e4 c5 2.Nf3 d6 3.d4 cxd4 4.Nxd4 Nf6 5.Nc3 a6 6.Bg5 e6 7.f4 h6 8.Bh4 Qb6 
9.a3 Be7 10.Bf2 Qc7 11.Qf3 Nbd7 12.O-O-O b5 13.g4 Bb7 14.h4 Nc5 15.Bd3 d5 
16.e5 Nfe4 17.Bxe4 Nxe4 18.Be1 Rc8 19.Rh3 Qb6 20.f5 Rc4 21.Nce2 a5 22.fxe6
fxe6 23.Bxa5 Qxa5 24.Nxe6 Rg8 25.N2d4 Bc8 26.g5 Qb6 27.gxh6 Bxe6 28.h7 Rh8
29.Qh5+ Bf7 30.Qf5 g6 31.Qg4 Nf2 0-1

[Event "XIII American Continental"]
[Site "Montevideo URU"]
[Date "2018.06.02"]
[Round "2"]
[White "Escalante Ramirez, Brian Sebastian"]
[Black "Markzon, Gregory"]
[Result "1/2-1/2"]
[WhiteElo "2422"]
[BlackElo "2144"]
[EventDate "2018.06.01"]
[PlyCount "100"]

1.e4 c5 2.Nc3 d6 3.Nge2 Nf6 4.g3 g6 5.Bg2 Bg7 6.O-O O-O 7.d3 Nc6 8.f4 Bd7 
9.h3 Rb8 10.a4 a6 11.Be3 b5 12.axb5 axb5 13.Qd2 b4 14.Nd1 Ne8 15.f5 b3 16.
c3 Ne5 17.g4 e6 18.fxe6 Bxe6 19.c4 Nc7 20.Ndc3 Nc6 21.Bh6 Qe7 22.Bxg7 Kxg7
23.Ra3 Ne5 24.Nf4 Bxc4 25.dxc4 Nxc4 26.Qd3 Nxa3 27.bxa3 Qe5 28.Nfe2 Ne6 
29.Rb1 Nd4 30.Bf1 f5 31.exf5 gxf5 32.Nxd4 cxd4 33.Ne2 Qe3+ 34.Qxe3 dxe3 
35.Nd4 Rfc8 36.Nxf5+ Kf6 37.Nxe3 b2 38.Nd1 Rc2 39.Bd3 Rd2 40.Bxh7 Rb3 41.
Kf1 Rxh3 42.Be4 d5 43.Ke1 Rhh2 44.Bf3 Rc2 45.Bxd5 Rc1 46.Be4 Rh1+ 47.Bxh1 
Rxb1 48.Be4 Ra1 49.Kd2 b1=Q 50.Bxb1 Rxb1 1/2-1/2

[Event "XIII American Continental"]
[Site "Montevideo URU"]
[Date "2018.06.02"]
[Round "2"]
[White "Granara Barreto, Sebastian"]
[Black "Slipak, Sergio"]
[Result "0-1"]
[WhiteElo "2141"]
[BlackElo "2420"]
[EventDate "2018.06.01"]
[PlyCount "96"]

1.c4 e6 2.Nf3 d5 3.g3 Nf6 4.Bg2 Be7 5.O-O O-O 6.b3 a5 7.Nc3 b6 8.Bb2 Bb7 
9.Ne5 Nbd7 10.d4 Bb4 11.Qc2 Bxc3 12.Bxc3 Nxe5 13.dxe5 Ne4 14.Bb2 h6 15.
Bxe4 dxe4 16.Rfd1 Qe7 17.c5 Bd5 18.Bd4 Rfc8 19.Qc3 b5 20.a3 Ra6 21.h4 Rca8
22.b4 Qd8 23.Qb2 axb4 24.Qxb4 c6 25.Qb2 Qe7 26.Bc3 Qxc5 27.Bb4 Qa7 28.Qd4 
Ra4 29.Qxa7 R8xa7 30.Bc5 Ra8 31.Rd4 Rxd4 32.Bxd4 Ra4 33.e3 Rc4 34.Bb6 Rc2 
35.Rb1 Bc4 36.g4 Bd3 37.g5 hxg5 38.hxg5 Kh7 39.Kg2 Kg6 40.Re1 Kxg5 41.Rh1 
c5 42.Rh8 c4 43.Bd8+ Kg6 44.Rg8 Kh7 45.Rf8 c3 46.Rxf7 Rb2 47.Bf6 c2 48.
Rxg7+ Kh6 0-1

[Event "XIII American Continental"]
[Site "Montevideo URU"]
[Date "2018.06.02"]
[Round "2"]
[White "Thavandiran, Shiyam"]
[Black "Curi Milia, Gabriel"]
[Result "1-0"]
[WhiteElo "2417"]
[BlackElo "2141"]
[EventDate "2018.06.01"]
[PlyCount "83"]

1.e4 e6 2.d4 d5 3.exd5 exd5 4.Nf3 Nc6 5.Nc3 Bb4 6.Bd3 Nge7 7.O-O Bg4 8.a3 
Bd6 9.Nb5 a6 10.Nxd6+ Qxd6 11.c3 f6 12.b4 O-O 13.a4 Rfe8 14.Ba3 Qd7 15.h3 
Bf5 16.Be2 Ng6 17.Re1 Nf4 18.Bf1 Rxe1 19.Qxe1 Re8 20.Qd2 g5 21.c4 Be4 22.
b5 Ne7 23.Nh2 Neg6 24.f3 Bf5 25.cxd5 Nxd5 26.bxa6 bxa6 27.Bc5 Ngf4 28.Ra3 
Re6 29.Ng4 Kg7 30.a5 h5 31.Ne3 Nxe3 32.Rxe3 Nd5 33.Rxe6 Qxe6 34.g4 Bg6 35.
Qe2 Qd7 36.Qxa6 hxg4 37.hxg4 f5 38.Qe2 fxg4 39.a6 gxf3 40.Qxf3 Qe6 41.a7 
Be4 42.Bh3 1-0